000 00660nam a22002417a 4500
001 0074
003 DO-SdBNP
005 20180117132312.0
007 0074
008 151012b sp 1960 ||||| |||| 00| 0 spa d
020 _a9788430571574
040 _aBPMSU
_bspa
_cBPMSU
092 _axxxx
_bxxxx
100 1 _aBlyton, Enid
245 1 0 _aBen elcontrabandista y El pequeño gnomo verde y otras historias /
_bEnid Blyton.
260 _aMadrid, España :
_bSusaeta,
_c1960
300 _a248 p. :
_bil. ;
_c20 cm.
490 1 _aEnid Blyton
_v9
830 0 _aEnid Blyton
_v9
942 _2ddc
_cBK
945 _aInventariado, 2018 LP
956 _aBrenda Tavárez
_b10
999 _c8368
_d8368